Covid Epicentre per Country - Statistics

General Stats
  • This quiz has been taken 90 times
  • The average score is 19 of 24
Answer Stats
Country City % Correct
Russia Moscow
96%
France Paris
96%
United Kingdom London
95%
Mexico Mexico City
95%
United States New York
95%
China Wuhan
95%
Japan Tokyo
94%
Iran Tehran
92%
Australia Melbourne
91%
Colombia Bogota
90%
Peru Lima
90%
Italy Milan
90%
India Mumbai
90%
Chile Santiago
88%
Brazil Sao Paulo
88%
Nigeria Lagos
86%
Germany Munich
86%
Canada Montreal
84%
Pakistan Karachi
79%
Netherlands Rotterdam
74%
Morocco Tangier
39%
Ukraine Lviv
38%
South Korea Daegu
29%
Poland Katowice
29%
No matching quizzes found
Score Distribution
Percent of People with Each Score
Percentile by Number Answered
Your Score History
You have not taken this quiz